00388nam a2200121 4500008004100000100002400041245011700065260000900182300001300191650001500204650001100219773003600230190306b ||||| |||| 00| 0 eng d aKaur, Veerpal et al aInter-regional analysis of levels, pattern and distribution of income of women labour household in rural Punjab c2018 ap.11-23. aHouseholds aIncome aAgricultural Situation in India